Dětská nefrologie do kapsy /

Hlavní autor: Zieg, Jakub
Další autoři: Skálová, Sylva, 1964-
Jazyk: Čeština
Vydáno: Praha : Mladá fronta, 2019
Vydání: První vydání
Edice: Aeskulap
Témata:
Fyzický popis: 399 stran : ilustrace (některé barevné) ; 19 cm
Language note: Anglické resumé
Knihy
Uloženo v:
LEADER 01606nam a2200457 i 4500
001 nkc20193147751
003 CZ PrNK
005 20191106101036.0
007 ta
008 191014s2019 xr a f 001 0 cze
015 |a cnb003147751 
020 |a 978-80-204-5330-3  |q (vázáno) 
035 |a (OCoLC)1127247168 
040 |a OLA001  |b cze  |e rda 
041 0 |a cze  |b eng 
072 7 |a 616-053.2  |x Pediatrie  |2 Konspekt  |9 14 
080 |a 616.61-053.2  |2 MRF 
080 |a (048.8:082)  |2 MRF 
100 1 |a Zieg, Jakub  |7 xx0229640  |4 aut 
245 1 0 |a Dětská nefrologie do kapsy /  |c Jakub Zieg, Sylva Skálová a kol. 
250 |a První vydání 
264 1 |a Praha :  |b Mladá fronta,  |c 2019 
300 |a 399 stran :  |b ilustrace (některé barevné) ;  |c 19 cm 
336 |a text  |b txt  |2 rdacontent 
337 |a bez média  |b n  |2 rdamedia 
338 |a svazek  |b nc  |2 rdacarrier 
490 1 |a Aeskulap 
504 |a Obsahuje bibliografie, bibliografické odkazy a rejstřík 
546 |a Anglické resumé 
650 0 7 |a dětská nefrologie  |7 ph138070  |2 czenas 
650 0 9 |a pediatric nephrology  |2 eczenas 
655 7 |a kolektivní monografie  |7 fd501537  |2 czenas 
655 9 |a collective monographs  |2 eczenas 
700 1 |a Skálová, Sylva,  |d 1964-  |7 xx0105263  |4 aut 
830 0 |a Aeskulap  |0 s 
910 2 |a BOA001  |b 1-1434.414 
990 |a BK 
995 |a 01 
991 |b 201910  |c NOV 
996 6 |b 2610799659  |c 1-1434.414  |l MZK  |r Sklad / do 1 hodiny  |n 0  |p p.v.  |w 001760967  |u 000010  |a 1  |e BOA001  |j MZK50  |s P 
996 7 |b 2610803756  |c 1-1434.414  |l Vol.výběr  |r VV 1p  |n 5  |p kup  |h 616-053.2 ZIE  |w 001760967  |u 000020  |a 0  |e BOA001  |j MZK50  |s A